| 000 | 00648nam a2200205 a 4500 | ||
|---|---|---|---|
| 001 | zpk20132438457 | ||
| 003 | CZ PrNK | ||
| 005 | 20230518161704.0 | ||
| 007 | ta | ||
| 008 | 130124s1994 ru 000 | ruso | ||
| 020 |
_a5020111619 _q(brož.) |
||
| 040 |
_aABA001 _bcze |
||
| 245 | 0 | 0 |
_aEkrannyje iskusstva i literatura : _bsovremennyj etap |
| 260 |
_aMoskva : _bNauka, _c1994 |
||
| 300 |
_a223 s. ; _c22 cm |
||
| 500 | _aRossijskaja akademija nauk. Rossijskij institut oskusstvoznanija Ministerstva kul'tury Rossijskoj federacii | ||
| 520 | _aĖkrannye iskusstva i literatura : sovremennyĭ ėtap. | ||
| 910 | _aABA001 | ||
| 942 |
_2ddc _cKNIHA _n0 |
||
| 999 |
_c885 _d885 |
||